| 000 | 00976nac a22002657a 4500 | ||
|---|---|---|---|
| 001 | BR7803666 | ||
| 003 | BR-BrBNA | ||
| 005 | 20240105114235.0 | ||
| 008 | 230509b bl.|||m| |||| 00| 0 por d | ||
| 040 |
_aBR-BrBNA _bpor _cBiblioteca Nacional de Agricultura |
||
| 072 | _aE10 | ||
| 090 | _aE10 BR7803666 | ||
| 110 | 1 |
_aSecretaria de Estado do Planejamento, Vitoria, ES (Brasil). Depto. de Informacoes Tecnicas _98936 |
|
| 245 | 1 | _aIndicadores de desempenho do setor indutrial para o estado do Espirito Santo [Brasil] | |
| 260 | 3 |
_aVitoria, ES (Brasil): _c1978. |
|
| 300 | _a56 p. | ||
| 490 |
_aEstudos Basicos para o Planejamento Estadual - Secretaria de Estado do Planejamento. Depto. de Informacoes Tecnicas (Brazil) _vno. 4 _x |
||
| 500 | _a17 tables; 11 ref. | ||
| 650 | _aMacroeconomia | ||
| 650 | _aDesenvolvimento industrial | ||
| 650 | _aIndustria | ||
| 650 | _aEspirito Santo | ||
| 909 |
_a202312 _bLúcia Elande _c55 _dLúcia Elande |
||
| 942 |
_2AGRIS _n0 _cMS |
||
| 999 |
_c268208 _d268208 |
||